[Event "Thüringenliga 2025/26"]
[Site "?"]
[Date "2026.01.11"]
[Round "5.3"]
[White "Seinsoth, Paul"]
[Black "Goemann, Jens"]
[Result "1-0"]
[WhiteElo "2031"]
[BlackElo "2025"]
[WhiteFideId "-1"]
[BlackFideId "-1"]
[PlyCount "113"]
[GameId "2266895377596475"]
[EventDate "2025.09.14"]
[EventType "team-tourn"]
[EventRounds "9"]
[SourceTitle "Thueringer Schachbund"]
[Source "ThSB"]
[SourceDate "2025.09.14"]
[SourceVersion "1"]
[SourceVersionDate "2025.09.14"]
[SourceQuality "1"]
[WhiteTeam "Erfurter SK 2"]
[BlackTeam "TSG Apolda"]

{[%evp 0,113,14,28,54,36,28,10,-2,4,12,2,8,1,-1,3,24,31,32,22,19,13,32,16,50,55,47,42,32,20,66,21,36,14,31,25,25,26,24,23,43,57,58,75,45,33,35,29,27,40,40,39,71,41,76,26,68,62,61,31,62,73,51,65,61,74,77,59,89,86,97,-10,-12,-38,-46,-45,-53,-45,-27,-107,-42,-38,-30,-108,-127,-148,-176,-163,-152,-174,-196,-164,-169,-177,-169,-169,-65,-65,-16,-38,-36,-22,0,0,0,0,0,0,482,427,514,320,558,566,575,621]} 1. e4 e6 2. d4 d5 3. e5 c5 4. c3 Nc6 5. Nf3 Bd7 6. Be2 Rc8 7. O-O a6 8. Be3 Qc7 9. Nbd2 Nge7 10. a3 c4 11. Nh4 Nf5 12. Nxf5 exf5 13. Kh1 Be7 14. g4 g6 15. Rg1 fxg4 16. Bxg4 h5 17. Bxd7+ Qxd7 18. Qf3 Nd8 19. Qg2 Rc6 20. f4 Rb6 21. Rab1 Ne6 22. Nxc4 dxc4 23. d5 Rb5 24. dxe6 Qxe6 25. a4 Rd5 26. Rbd1 Rd7 27. Bd4 O-O 28. Qe4 Kh7 29. f5 Qd5 30. Qxd5 Rxd5 31. Rdf1 b5 32. axb5 axb5 33. fxg6+ fxg6 34. Rxf8 Bxf8 35. Ra1 Bc5 36. Bxc5 Rxc5 37. Re1 Kg7 38. Kg2 Rd5 39. e6 Kf8 40. e7+ Ke8 41. Kf3 Rd2 42. Re6 Rxb2 43. Rxg6 Rb3 44. Rb6 Rxc3+ 45. Ke4 Rb3 46. Rb7 c3 47. Kd5 c2 48. Rc7 Rd3+ 49. Ke6 Re3+ 50. Kd6 Re2 51. Rc8+ Kf7 52. Rf8+ Kg6 53. Rc8 b4 54. Rxc2 Re1 55. Rg2+ Kf7 56. Rf2+ Kg7 57. Rf8 1-0

[Event "Thüringenliga 2025/26"]
[Site "?"]
[Date "2026.01.11"]
[Round "5.4"]
[White "Kroh, Christian"]
[Black "Krüger, Rainer"]
[Result "0-1"]
[WhiteElo "1870"]
[BlackElo "2027"]
[WhiteFideId "-1"]
[BlackFideId "-1"]
[PlyCount "72"]
[GameId "2266895377633340"]
[EventDate "2025.09.14"]
[EventType "team-tourn"]
[EventRounds "9"]
[SourceTitle "Thueringer Schachbund"]
[Source "ThSB"]
[SourceDate "2025.09.14"]
[SourceVersion "1"]
[SourceVersionDate "2025.09.14"]
[SourceQuality "1"]
[WhiteTeam "TSG Apolda"]
[BlackTeam "Erfurter SK 2"]

{[%evp 0,72,14,14,19,22,51,36,32,40,65,55,3,2,0,-7,-1,10,-1,3,1,-1,-2,-35,-23,-33,-23,-23,-19,-21,-21,-38,-31,-34,-31,-29,-25,-33,-34,-55,-41,-38,-29,-38,-24,-43,-22,-40,-24,-46,-24,-185,-87,-102,-97,-93,-108,-185,-159,-157,-152,-193,-189,-196,-191,-184,-196,-200,-224,-588,-612,-614,-621,-621,-639]} 1. d4 Nf6 2. Nf3 g6 3. c4 Bg7 4. Nc3 d5 5. e3 O-O 6. Qb3 e6 7. Be2 b6 8. cxd5 exd5 9. O-O Bb7 10. Bd2 Nbd7 11. Na4 Ne4 12. Rac1 Nxd2 13. Nxd2 Nf6 14. Bb5 Qd6 15. Qc2 c6 16. Bd3 Rfe8 17. a3 Re6 18. Nf3 Ne4 19. b4 Rae8 20. Nc3 f5 21. Ne2 Bf6 22. Qa4 Qb8 23. Ng3 R8e7 24. Rc2 Bg7 25. Nd2 Nxd2 26. Rxd2 f4 27. exf4 Qxf4 28. Qc2 Re1 29. Re2 R7xe2 30. Bxe2 Bxd4 31. Bf3 Rxf1+ 32. Nxf1 Qe5 33. g3 Qe1 34. Kg2 Ba6 35. Ne3 Bxe3 36. Kh3 Qxf2 0-1

[Event "Thüringenliga 2025/26"]
[Site "?"]
[Date "2026.01.11"]
[Round "5.5"]
[White "Zitzelsberger, Philipp"]
[Black "Maiwald, Harald"]
[Result "1-0"]
[WhiteElo "1936"]
[BlackElo "1994"]
[WhiteFideId "-1"]
[BlackFideId "-1"]
[PlyCount "49"]
[GameId "2266895377666109"]
[EventDate "2025.09.14"]
[EventType "team-tourn"]
[EventRounds "9"]
[SourceTitle "Thueringer Schachbund"]
[Source "ThSB"]
[SourceDate "2025.09.14"]
[SourceVersion "1"]
[SourceVersionDate "2025.09.14"]
[SourceQuality "1"]
[WhiteTeam "Erfurter SK 2"]
[BlackTeam "TSG Apolda"]

{[%evp 0,49,28,28,67,61,59,43,48,11,73,79,71,9,-18,9,-29,-40,-36,-37,-45,-43,-36,-48,-39,-58,-43,-80,-60,-94,-115,-98,-112,-108,-84,-147,-140,-142,-146,-168,177,174,171,171,227,222,216,216,219,229,232,201]} 1. e4 c5 2. Nc3 Nc6 3. Bb5 Nd4 4. Bc4 g6 5. d3 Bg7 6. f4 e6 7. Nf3 Ne7 8. a3 O-O 9. O-O d5 10. Ba2 dxe4 11. dxe4 b6 12. Re1 Bb7 13. Kh1 Rc8 14. Qd3 Nxf3 15. Qxf3 Nf5 16. Qh3 Nd4 17. Qd3 Qh4 18. Be3 Rfd8 19. Bxd4 Qxf4 20. Qe3 Qxe3 21. Bxe3 Bxc3 22. bxc3 Bxe4 23. Bg5 Bxc2 24. Bxd8 Rxd8 25. Re2 1-0

[Event "Thüringenliga 2025/26"]
[Site "?"]
[Date "2026.01.11"]
[Round "5.6"]
[White "Rohmeiß, Roberto"]
[Black "Duzy, Stefan"]
[Result "1-0"]
[WhiteElo "1968"]
[BlackElo "1987"]
[WhiteFideId "-1"]
[BlackFideId "-1"]
[PlyCount "67"]
[GameId "2266895377702974"]
[EventDate "2025.09.14"]
[EventType "team-tourn"]
[EventRounds "9"]
[SourceTitle "Thueringer Schachbund"]
[Source "ThSB"]
[SourceDate "2025.09.14"]
[SourceVersion "1"]
[SourceVersionDate "2025.09.14"]
[SourceQuality "1"]
[WhiteTeam "TSG Apolda"]
[BlackTeam "Erfurter SK 2"]

{[%evp 0,67,28,19,36,23,32,6,7,14,25,14,18,12,24,16,33,4,3,3,15,9,25,33,50,53,45,59,54,24,30,29,28,-2,26,17,33,31,3,11,2,4,3,-3,40,41,49,44,59,73,195,94,89,91,126,123,132,167,209,214,211,223,271,323,343,358,358,331,771,795]} 1. d4 e6 2. Nf3 Nf6 3. c4 d5 4. Nc3 Be7 5. e3 O-O 6. Bd3 b6 7. cxd5 Nxd5 8. e4 Nxc3 9. bxc3 c5 10. O-O cxd4 11. cxd4 Ba6 12. Bxa6 Nxa6 13. Qa4 Qc8 14. Be3 Qb7 15. Ne5 Rac8 16. Rac1 b5 17. Qb3 Nb4 18. f3 Rxc1 19. Rxc1 Rc8 20. Rxc8+ Qxc8 21. Bd2 Qc2 22. Qxc2 Nxc2 23. Nc6 Ba3 24. Kf1 Kf8 25. Nxa7 Nxd4 26. Bc3 Nc2 27. Nxb5 Bc5 28. a4 Ne3+ 29. Ke2 Nxg2 30. a5 f5 31. a6 Nf4+ 32. Kd2 fxe4 33. fxe4 g5 34. Bd4 1-0

[Event "Thüringenliga 2025/26"]
[Site "?"]
[Date "2026.01.11"]
[Round "5.7"]
[White "Apel, Linus"]
[Black "Stolz, Markus"]
[Result "1-0"]
[WhiteElo "1896"]
[BlackElo "1721"]
[WhiteFideId "-1"]
[BlackFideId "-1"]
[PlyCount "63"]
[GameId "2266895377739839"]
[EventDate "2025.09.14"]
[EventType "team-tourn"]
[EventRounds "9"]
[SourceTitle "Thueringer Schachbund"]
[Source "ThSB"]
[SourceDate "2025.09.14"]
[SourceVersion "1"]
[SourceVersionDate "2025.09.14"]
[SourceQuality "1"]
[WhiteTeam "Erfurter SK 2"]
[BlackTeam "TSG Apolda"]

{[%evp 0,63,28,28,48,48,49,28,25,38,55,55,70,86,87,34,25,34,128,137,124,118,103,97,104,101,159,165,204,167,152,154,153,152,150,86,126,111,120,104,111,98,92,96,113,115,141,77,100,87,73,74,102,37,36,34,348,332,393,393,458,409,439,472,477,442]} 1. e4 c5 2. Nf3 e6 3. d4 cxd4 4. Nxd4 Nc6 5. Nc3 Qc7 6. Be3 Nf6 7. f4 Bb4 8. Ndb5 Qb8 9. a3 Bxc3+ 10. Nxc3 d6 11. Qf3 O-O 12. O-O-O Ne8 13. g4 f5 14. gxf5 exf5 15. Bc4+ Kh8 16. Rhg1 fxe4 17. Nxe4 Qc7 18. Bb3 Bf5 19. Nc3 Rc8 20. Kb1 Na5 21. Ba2 a6 22. Rg5 h6 23. Rxf5 Rxf5 24. Be6 Rf8 25. Bxc8 Qxc8 26. Rd5 Qc6 27. Qg3 Nf6 28. Rxa5 b5 29. Bd4 Kh7 30. b3 Nh5 31. Qd3+ g6 32. Qe3 1-0

[Event "Thüringenliga 2025/26"]
[Site "?"]
[Date "2026.01.11"]
[Round "5.8"]
[White "Walther, Cliff"]
[Black "Heitmann, Erik"]
[Result "1-0"]
[WhiteElo "1973"]
[BlackElo "1835"]
[WhiteFideId "-1"]
[BlackFideId "-1"]
[PlyCount "85"]
[GameId "2266895377776704"]
[EventDate "2025.09.14"]
[EventType "team-tourn"]
[EventRounds "9"]
[SourceTitle "Thueringer Schachbund"]
[Source "ThSB"]
[SourceDate "2025.09.14"]
[SourceVersion "1"]
[SourceVersionDate "2025.09.14"]
[SourceQuality "1"]
[WhiteTeam "TSG Apolda"]
[BlackTeam "Erfurter SK 2"]

{[%evp 0,85,28,19,17,6,40,41,30,71,68,81,67,84,119,67,57,47,47,37,44,26,73,22,27,21,21,12,9,24,55,17,41,67,60,69,113,50,65,40,52,36,98,6,50,50,46,49,59,89,101,101,102,61,52,0,32,14,28,62,65,15,30,7,103,106,84,84,109,93,179,93,221,221,276,213,204,202,543,188,629,618,29993,29994,29995,29996,29997,29998]} 1. d4 Nf6 2. c4 c5 3. d5 e6 4. Nc3 exd5 5. cxd5 d6 6. e4 g6 7. f3 Bg7 8. Bg5 h6 9. Be3 O-O 10. Nge2 a6 11. a4 Nbd7 12. Ng3 h5 13. Be2 h4 14. Nf1 Ne5 15. Nd2 Rb8 16. O-O h3 17. g4 Qd7 18. a5 b5 19. axb6 Rxb6 20. Ra2 Ne8 21. g5 f5 22. gxf6 Nxf6 23. Kh1 Kh7 24. Bf4 Nh5 25. Bxe5 dxe5 26. Nc4 Rb4 27. Ne3 Qd6 28. Qa1 Rf6 29. Nc4 Qb8 30. Rg1 Nf4 31. Bf1 Bf8 32. Qe1 Bd6 33. Qf2 Qc7 34. Na4 Bd7 35. Nc3 Bb5 36. Nxd6 Rxd6 37. Qh4+ Nh5 38. Bxh3 Bc4 39. Raa1 Rxb2 40. Bf5 gxf5 41. Qxh5+ Rh6 42. Qxf5+ Kh8 43. Qf8+ 1-0

[Event "Landesklasse Ost 2025/26"]
[Site "?"]
[Date "2026.01.11"]
[Round "5.2"]
[White "Kalisch, Michael"]
[Black "Kölpin, Arvid"]
[Result "1/2-1/2"]
[WhiteElo "2085"]
[BlackElo "1986"]
[WhiteFideId "-1"]
[BlackFideId "-1"]
[PlyCount "28"]
[GameId "556048193236"]
[EventDate "2025.09.14"]
[EventType "team-tourn"]
[EventRounds "9"]
[SourceTitle "Thueringer Schachbund"]
[Source "ThSB"]
[SourceDate "2025.09.14"]
[SourceVersion "1"]
[SourceVersionDate "2025.09.14"]
[SourceQuality "1"]
[WhiteTeam "ESV Lok Sömmerda"]
[BlackTeam "SSV Vimaria 91 Weimar 2"]

1. d4 d5 2. Bf4 Nf6 3. e3 Bf5 4. c4 c5 5. Nc3 Nc6 6. Nf3 e6 7. Qb3 Qb6 8. Be2 cxd4 9. exd4 dxc4 10. Qxb6 axb6 11. Bxc4 Bb4 12. O-O O-O 13. Nb5 Na5 14. Be2 Nd5 1/2-1/2

[Event "Landesklasse Ost 2025/26"]
[Site "?"]
[Date "2026.01.11"]
[Round "5.3"]
[White "Günther, Arthur"]
[Black "Kühn, Martin"]
[Result "1-0"]
[WhiteElo "1871"]
[BlackElo "2025"]
[WhiteFideId "-1"]
[BlackFideId "-1"]
[PlyCount "55"]
[GameId "556049455374"]
[EventDate "2025.09.14"]
[EventType "team-tourn"]
[EventRounds "9"]
[SourceTitle "Thueringer Schachbund"]
[Source "ThSB"]
[SourceDate "2025.09.14"]
[SourceVersion "1"]
[SourceVersionDate "2025.09.14"]
[SourceQuality "1"]
[WhiteTeam "SSV Vimaria 91 Weimar 2"]
[BlackTeam "ESV Lok Sömmerda"]

1. d4 d5 2. Nf3 Bf5 3. e3 e6 4. c4 c6 5. Nc3 Nf6 6. Nh4 Be4 7. f3 Bg6 8. Nxg6 hxg6 9. e4 Nh5 10. Qe2 Ng3 11. hxg3 Rxh1 12. exd5 Bb4 13. dxe6 Qxd4 14. Bd2 Na6 15. O-O-O Qf6 16. exf7+ Kxf7 17. Ne4 Bxd2+ 18. Qxd2 Qe7 19. c5 Rh5 20. g4 Rxc5+ 21. Nxc5 Qxc5+ 22. Kb1 b5 23. Bd3 Qe7 24. Re1 Qb4 25. Qe3 Nc7 26. Be4 Re8 27. Qf4+ Kg8 28. Bd5+ 1-0

[Event "Landesklasse Ost 2025/26"]
[Site "?"]
[Date "2026.01.11"]
[Round "5.4"]
[White "Bachmann, Nick"]
[Black "Günther, Andreas"]
[Result "0-1"]
[WhiteElo "1885"]
[BlackElo "2079"]
[WhiteFideId "-1"]
[BlackFideId "-1"]
[PlyCount "58"]
[GameId "556051332304"]
[EventDate "2025.09.14"]
[EventType "team-tourn"]
[EventRounds "9"]
[SourceTitle "Thueringer Schachbund"]
[Source "ThSB"]
[SourceDate "2025.09.14"]
[SourceVersion "1"]
[SourceVersionDate "2025.09.14"]
[SourceQuality "1"]
[WhiteTeam "ESV Lok Sömmerda"]
[BlackTeam "SSV Vimaria 91 Weimar 2"]

1. e4 d5 2. exd5 Qxd5 3. Nc3 Qa5 4. d4 Nf6 5. Nf3 c6 6. Bc4 Bf5 7. Bd2 Nbd7 8. Qe2 Qc7 9. Ne5 e6 10. O-O-O b5 11. Bb3 b4 12. Na4 Nxe5 13. dxe5 Nd7 14. g4 Bg6 15. f4 Nc5 16. Nxc5 Bxc5 17. Qc4 Qb6 18. f5 exf5 19. gxf5 Bh5 20. e6 O-O 21. Rde1 fxe6 22. Qh4 Bf3 23. Bxe6+ Kh8 24. Rhf1 Bg2 25. Rf4 Qd8 26. Qg3 Bd5 27. Bxd5 Qxd5 28. Rfe4 Rad8 29. R4e2 Qxa2 0-1

[Event "Landesklasse Ost 2025/26"]
[Site "?"]
[Date "2026.01.11"]
[Round "5.5"]
[White "Gulich, Christian"]
[Black "Siegemund, Joachim"]
[Result "1-0"]
[WhiteElo "1905"]
[BlackElo "1908"]
[WhiteFideId "-1"]
[BlackFideId "-1"]
[PlyCount "51"]
[GameId "556052773740"]
[EventDate "2025.09.14"]
[EventType "team-tourn"]
[EventRounds "9"]
[SourceTitle "Thueringer Schachbund"]
[Source "ThSB"]
[SourceDate "2025.09.14"]
[SourceVersion "1"]
[SourceVersionDate "2025.09.14"]
[SourceQuality "1"]
[WhiteTeam "SSV Vimaria 91 Weimar 2"]
[BlackTeam "ESV Lok Sömmerda"]

1. e4 e6 2. d4 d5 3. Nc3 Bb4 4. e5 c5 5. a3 Bxc3+ 6. bxc3 Ne7 7. Qg4 O-O 8. Bd3 f5 9. exf6 Rxf6 10. Bg5 Rf7 11. Qh5 g6 12. Qd1 Nbc6 13. Nf3 Qc7 14. O-O e5 15. Nxe5 Nxe5 16. dxe5 Qxe5 17. Qd2 c4 18. Rfe1 Qc7 19. Bf1 Bf5 20. Bxe7 Rxe7 21. Qxd5+ Kh8 22. Qd4+ Rg7 23. Re3 Rd8 24. Qf6 h5 25. Rae1 Qd7 26. Re7 1-0

[Event "Landesklasse Ost 2025/26"]
[Site "?"]
[Date "2026.01.11"]
[Round "5.6"]
[White "Weber, Jakob"]
[Black "Homberger, Jan"]
[Result "1/2-1/2"]
[WhiteElo "1581"]
[BlackElo "1887"]
[WhiteFideId "-1"]
[BlackFideId "-1"]
[PlyCount "94"]
[GameId "556090381148"]
[EventDate "2025.09.14"]
[EventType "team-tourn"]
[EventRounds "9"]
[SourceTitle "Thueringer Schachbund"]
[Source "ThSB"]
[SourceDate "2025.09.14"]
[SourceVersion "1"]
[SourceVersionDate "2025.09.14"]
[SourceQuality "1"]
[WhiteTeam "ESV Lok Sömmerda"]
[BlackTeam "SSV Vimaria 91 Weimar 2"]

1. d4 d5 2. Bf4 Nf6 3. e3 g6 4. Bd3 Bg7 5. Nd2 Nbd7 6. Ngf3 c6 7. c3 O-O 8. h4 Ng4 9. h5 e5 10. dxe5 Ndxe5 11. Nxe5 Bxe5 12. Bxe5 Nxe5 13. Bc2 g5 14. Qe2 b5 15. O-O-O a5 16. e4 Re8 17. Nb3 b4 18. exd5 cxd5 19. cxb4 axb4 20. Kb1 Bb7 21. Rhe1 Qb6 22. f3 f6 23. Qe3 Qa6 24. Nc1 Bc6 25. Bb3 Nc4 26. Qd4 Bb7 27. Rxe8+ Rxe8 28. Nd3 Qe6 29. Nc5 Qf7 30. Nxb7 Qxb7 31. Qxf6 Qg7 32. Qxg7+ Kxg7 33. Rxd5 Re1+ 34. Rd1 Rxd1+ 35. Bxd1 Ne3 36. Be2 Nxg2 37. a4 bxa3 38. bxa3 Nf4 39. Bc4 Nxh5 40. a4 Nf6 41. a5 Ne8 42. a6 Kf6 43. a7 Nc7 44. Kc2 Ke5 45. Kd3 Kf4 46. Ke2 h5 47. Kf2 g4 1/2-1/2

[Event "Landesklasse Ost 2025/26"]
[Site "?"]
[Date "2026.01.11"]
[Round "5.7"]
[White "Bemmann, Carlo"]
[Black "Vetter, Udo"]
[Result "1/2-1/2"]
[WhiteElo "1865"]
[BlackElo "1514"]
[WhiteFideId "-1"]
[BlackFideId "-1"]
[PlyCount "73"]
[GameId "556094645558"]
[EventDate "2025.09.14"]
[EventType "team-tourn"]
[EventRounds "9"]
[SourceTitle "Thueringer Schachbund"]
[Source "ThSB"]
[SourceDate "2025.09.14"]
[SourceVersion "1"]
[SourceVersionDate "2025.09.14"]
[SourceQuality "1"]
[WhiteTeam "SSV Vimaria 91 Weimar 2"]
[BlackTeam "ESV Lok Sömmerda"]

1. e4 c5 2. Nf3 Nc6 3. c3 e6 4. d4 cxd4 5. cxd4 d5 6. e5 Bb4+ 7. Bd2 Qb6 8. a3 Bxd2+ 9. Qxd2 Nge7 10. Bd3 Bd7 11. Qc3 Rc8 12. Nbd2 Nxe5 13. Nxe5 Rxc3 14. bxc3 Bc6 15. Rb1 Qc7 16. O-O O-O 17. Rb2 Rc8 18. Rfb1 b6 19. Rc1 Be8 20. Ba6 Rb8 21. Bd3 Nc6 22. Nxc6 Bxc6 23. c4 Bd7 24. c5 g6 25. c6 Be8 26. a4 a5 27. Nb1 Kg7 28. Rbc2 h5 29. Na3 Rc8 30. Ba6 Ra8 31. Nb5 Qe7 32. c7 Bd7 33. Bb7 Rf8 34. c8=Q Bxc8 35. Bxc8 Qb4 36. Ra1 Qb3 37. Rcc1 1/2-1/2

[Event "Landesklasse Ost 2025/26"]
[Site "?"]
[Date "2026.01.11"]
[Round "5.8"]
[White "Schrödter, Sascha"]
[Black "Brüning, Gerrit"]
[Result "1/2-1/2"]
[WhiteElo "1337"]
[BlackElo "1774"]
[WhiteFideId "-1"]
[BlackFideId "-1"]
[PlyCount "83"]
[GameId "556096571495"]
[EventDate "2025.09.14"]
[EventType "team-tourn"]
[EventRounds "9"]
[SourceTitle "Thueringer Schachbund"]
[Source "ThSB"]
[SourceDate "2025.09.14"]
[SourceVersion "1"]
[SourceVersionDate "2025.09.14"]
[SourceQuality "1"]
[WhiteTeam "ESV Lok Sömmerda"]
[BlackTeam "SSV Vimaria 91 Weimar 2"]

1. e4 c5 2. Nf3 e6 3. d4 cxd4 4. Nxd4 a6 5. Nc3 Qc7 6. a3 Nc6 7. Be3 Bd6 8. g3 Nf6 9. Bg2 O-O 10. O-O b5 11. Nxc6 dxc6 12. Bg5 Be7 13. Qe2 e5 14. Rad1 Bg4 15. Bf3 Be6 16. Qe3 h6 17. Bxf6 Bxf6 18. Ne2 Be7 19. Qc3 a5 20. b4 axb4 21. axb4 Ra4 22. Rb1 Rfa8 23. Nc1 Ra3 24. Nb3 R8a4 25. Qb2 Bxb4 26. Ra1 c5 27. Rxa3 Bxa3 28. Qb1 Qa7 29. Be2 Rxe4 30. Bxb5 Rb4 31. c4 Bxc4 32. Bxc4 Rxc4 33. Qd3 Ra4 34. Qc2 c4 35. Nd2 Bc5 36. Nxc4 Ra2 37. Qf5 f6 38. Qe6+ Qf7 39. Qc8+ Qf8 40. Qe6+ Qf7 41. Qc8+ Qf8 42. Qe6+ 1/2-1/2

[Event "Landesklasse Ost 2025/26"]
[Site "?"]
[Date "2026.01.11"]
[Round "5.1"]
[White "Röder, Bastian"]
[Black "Buring, Matthias"]
[Result "0-1"]
[WhiteElo "1864"]
[BlackElo "2007"]
[WhiteFideId "-1"]
[BlackFideId "-1"]
[PlyCount "90"]
[GameId "2265125414432795"]
[EventDate "2025.09.14"]
[EventType "team-tourn"]
[EventRounds "9"]
[SourceTitle "Thueringer Schachbund"]
[Source "ThSB"]
[SourceDate "2025.09.14"]
[SourceVersion "1"]
[SourceVersionDate "2025.09.14"]
[SourceQuality "1"]
[WhiteTeam "SC Rochade Zeulenroda"]
[BlackTeam "SG Arnstadt-Stadtilm"]

{[%evp 0,46,12,29,11,17,64,48,47,104,114,54,101,125,110,32,99,75,54,25,99,7,36,43,38,10,37,114,-15,1,-9,-43,-83,-76,-75,-88,-72,-100,-119,-93,-26,-113,-178,-192,-155,-151,-135,-141,-135]} 1. e4 e5 2. Nf3 d5 3. exd5 e4 4. Qe2 f5 5. Nc3 Nf6 6. d3 Bb4 7. Nd2 Bxc3 8. bxc3 O-O 9. dxe4 fxe4 10. h3 e3 11. fxe3 Nxd5 12. Nf3 Qd6 13. Qf2 Nxc3 14. Bc4+ Be6 15. Bxe6+ Qxe6 16. O-O Nc6 17. Bb2 Ne4 18. Qh4 Rae8 19. Nd4 Nxd4 20. exd4 Rxf1+ 21. Rxf1 Nd2 22. Rd1 Qe2 23. Qg4 Nc4 24. Bc1 Qxg4 25. hxg4 Re2 26. c3 Rxa2 27. Bf4 Nd6 28. Rc1 Ra4 29. Kf2 Kf7 30. Re1 Rc4 31. Bd2 a5 32. Ke3 a4 33. Kd3 Rc6 34. Rf1+ Kg6 35. Bf4 a3 36. Ra1 Ra6 37. c4 Ra4 38. Bxd6 cxd6 39. Kc3 Kg5 40. Kb3 Ra6 41. Rxa3 Rxa3+ 42. Kxa3 Kxg4 43. Kb4 Kf5 44. Kb5 Ke4 45. c5 Kd5 0-1

[Event "Landesklasse Ost 2025/26"]
[Site "?"]
[Date "2026.01.11"]
[Round "5.2"]
[White "Kaiser, Markus"]
[Black "Urinov, Bekzod"]
[Result "1-0"]
[WhiteElo "1961"]
[BlackElo "1979"]
[WhiteFideId "-1"]
[BlackFideId "-1"]
[PlyCount "123"]
[GameId "2265127584800809"]
[EventDate "2025.09.14"]
[EventType "team-tourn"]
[EventRounds "9"]
[SourceTitle "Thueringer Schachbund"]
[Source "ThSB"]
[SourceDate "2025.09.14"]
[SourceVersion "1"]
[SourceVersionDate "2025.09.14"]
[SourceQuality "1"]
[WhiteTeam "SG Arnstadt-Stadtilm"]
[BlackTeam "SC Rochade Zeulenroda"]

{[%evp 0,63,20,21,18,13,11,31,6,-4,14,19,23,11,17,-8,-32,-10,9,-39,-6,-4,-14,1,0,-15,0,-103,-9,-5,0,-10,-10,-36,-34,-27,-21,-30,-6,1,32,-22,34,-30,56,10,5,-11,16,42,63,52,58,70,45,48,1,26,36,54,76,106,133,212,198,300]} 1. e4 c5 2. Nf3 d6 3. c3 Nf6 4. Be2 e6 5. O-O Be7 6. d3 O-O 7. a4 Nc6 8. Nbd2 b6 9. Re1 Bb7 10. Nf1 Qc7 11. Bf4 Nh5 12. Bg3 Nxg3 13. Nxg3 d5 14. exd5 exd5 15. d4 cxd4 16. Nxd4 Nxd4 17. Qxd4 Bc5 18. Qg4 Bc8 19. Qg5 Qd8 20. Qd2 a5 21. Bf3 Be6 22. Red1 Qe7 23. c4 dxc4 24. Bxa8 Rxa8 25. Qf4 h6 26. Ne4 Bb4 27. Nd6 Qc7 28. Qg3 Rf8 29. Rac1 Qc6 30. Nxc4 Bxc4 31. b3 Re8 32. Rxc4 Qe6 33. h3 Qe2 34. Rcd4 Re6 35. Qd3 Qxd3 36. R4xd3 Rf6 37. Kf1 Re6 38. g3 g5 39. Rf3 Kg7 40. Rd7 Re1+ 41. Kg2 Re7 42. Rxe7 Bxe7 43. Kf1 f6 44. Ke2 Bc5 45. Rf5 Kf7 46. Kd3 Ke6 47. g4 Bd6 48. Rb5 Bc7 49. Ke4 Bd8 50. f4 gxf4 51. Kxf4 Bc7+ 52. Ke4 Kf7 53. Rh5 Kg6 54. Rf5 Bh2 55. Kd5 Kf7 56. Kc6 Bg1 57. Rb5 Kg6 58. b4 h5 59. bxa5 hxg4 60. hxg4 bxa5 61. Rxa5 Be3 62. Rf5 1-0

[Event "Landesklasse Ost 2025/26"]
[Site "?"]
[Date "2026.01.11"]
[Round "5.3"]
[White "Prütting, Marcus"]
[Black "Sauer, Marko"]
[Result "0-1"]
[WhiteElo "1908"]
[BlackElo "1985"]
[WhiteFideId "-1"]
[BlackFideId "-1"]
[PlyCount "58"]
[GameId "2265130487042102"]
[EventDate "2025.09.14"]
[EventType "team-tourn"]
[EventRounds "9"]
[SourceTitle "Thueringer Schachbund"]
[Source "ThSB"]
[SourceDate "2025.09.14"]
[SourceVersion "1"]
[SourceVersionDate "2025.09.14"]
[SourceQuality "1"]
[WhiteTeam "SC Rochade Zeulenroda"]
[BlackTeam "SG Arnstadt-Stadtilm"]

{[%evp 0,51,20,0,4,13,39,52,68,59,59,-10,75,61,54,71,75,77,89,89,98,71,105,78,81,73,89,87,-28,91,53,-15,0,-8,-17,10,36,120,35,-54,-52,-96,-106,-143,-1,-124,-133,-218,-143,-231,-205,-326,-367,-441]} 1. d4 Nf6 2. c4 c5 3. d5 e5 4. Nc3 d6 5. e4 Be7 6. g3 O-O 7. Bg2 Nbd7 8. Nge2 Ne8 9. O-O g6 10. Bh6 Ng7 11. f4 exf4 12. gxf4 f5 13. Ng3 fxe4 14. Ncxe4 Nf6 15. h3 Nxe4 16. Nxe4 Bf5 17. Ng5 Bxg5 18. Bxg5 Qd7 19. Kh2 Rae8 20. Qd2 Be4 21. Rae1 Bxg2 22. Kxg2 Nf5 23. Qf2 Qg7 24. Kh2 Qd4 25. Qxd4 cxd4 26. Re6 Rxe6 27. dxe6 Re8 28. Re1 Kg7 29. h4 h6 0-1

[Event "Landesklasse Ost 2025/26"]
[Site "?"]
[Date "2026.01.11"]
[Round "5.4"]
[White "Heß, Jürgen"]
[Black "Fuchs, Antje"]
[Result "0-1"]
[WhiteElo "1824"]
[BlackElo "1907"]
[WhiteFideId "-1"]
[BlackFideId "-1"]
[PlyCount "52"]
[GameId "2265131789664320"]
[EventDate "2025.09.14"]
[EventType "team-tourn"]
[EventRounds "9"]
[SourceTitle "Thueringer Schachbund"]
[Source "ThSB"]
[SourceDate "2025.09.14"]
[SourceVersion "1"]
[SourceVersionDate "2025.09.14"]
[SourceQuality "1"]
[WhiteTeam "SG Arnstadt-Stadtilm"]
[BlackTeam "SC Rochade Zeulenroda"]

{[%evp 0,52,17,25,25,99,36,72,16,19,14,15,22,19,18,12,16,22,24,22,65,6,-1,-20,-23,-16,36,-22,-37,-97,-102,-82,-212,-77,-74,-65,-60,-63,-53,-102,-179,-117,-139,-139,-196,-149,-176,-256,-257,-607,-578,-634,-618,-1245,-1575]} 1. e4 c5 2. Nf3 d6 3. d4 cxd4 4. Nxd4 Nf6 5. Nc3 a6 6. Be2 e5 7. Nb3 Be7 8. O-O Be6 9. Be3 b5 10. a3 Nbd7 11. f3 Qc7 12. Qd2 Rc8 13. Rfd1 O-O 14. Nc1 Nb6 15. N1a2 d5 16. exd5 Nbxd5 17. Bf2 Rfd8 18. Qe1 h6 19. Nxd5 Nxd5 20. c3 Nf4 21. Rxd8+ Rxd8 22. Bf1 Bc4 23. Nc1 Bc5 24. g3 Bxf2+ 25. Qxf2 Rd1 26. Nb3 Nh3+ 0-1